<?xml version="1.0" encoding="UTF-8"?>
<record
    xmlns:xsi="http://www.w3.org/2001/XMLSchema-instance"
    xsi:schemaLocation="http://www.loc.gov/MARC21/slim http://www.loc.gov/standards/marcxml/schema/MARC21slim.xsd"
    xmlns="http://www.loc.gov/MARC21/slim">

  <leader>01525nas a22003017a 4500</leader>
  <controlfield tag="001">77439</controlfield>
  <controlfield tag="003">BD-RjUL</controlfield>
  <controlfield tag="005">20211209082954.0</controlfield>
  <controlfield tag="008">200914c20199999bg |u||| b||| 00|   mul d</controlfield>
  <datafield tag="035" ind1=" " ind2=" ">
    <subfield code="a">(BD-RjUL)77664</subfield>
  </datafield>
  <datafield tag="040" ind1=" " ind2=" ">
    <subfield code="a">BD-RjUL</subfield>
    <subfield code="c">BD-RjUL</subfield>
    <subfield code="b">eng/ben</subfield>
  </datafield>
  <datafield tag="041" ind1=" " ind2=" ">
    <subfield code="a">ben/eng</subfield>
  </datafield>
  <datafield tag="082" ind1=" " ind2=" ">
    <subfield code="2">23</subfield>
    <subfield code="a">891.4405</subfield>
    <subfield code="b">MUR Vol.1, no. 1 2019</subfield>
  </datafield>
  <datafield tag="110" ind1=" " ind2=" ">
    <subfield code="a">&#x9AE;&#x9C1;&#x9B0;&#x9BE;&#x9B0;&#x9BF;&#x99A;&#x9BE;&#x981;&#x9A6; &#x995;&#x9B2;&#x9C7;&#x99C;, &#x9B8;&#x9BF;&#x9B2;&#x9C7;&#x99F;</subfield>
    <subfield code="9">241407</subfield>
  </datafield>
  <datafield tag="245" ind1=" " ind2=" ">
    <subfield code="a">&#x9AE;&#x9C1;&#x9B0;&#x9BE;&#x9B0;&#x9BF;&#x99A;&#x9BE;&#x981;&#x9A6; &#x995;&#x9B2;&#x9C7;&#x99C; &#x99C;&#x9BE;&#x9B0;&#x9CD;&#x9A8;&#x9BE;&#x9B2; /</subfield>
    <subfield code="c">&#x9AE;&#x9C1;&#x9B0;&#x9BE;&#x9B0;&#x9BF;&#x99A;&#x9BE;&#x981;&#x9A6; &#x995;&#x9B2;&#x9C7;&#x99C;, &#x9B8;&#x9BF;&#x9B2;&#x9C7;&#x99F;</subfield>
  </datafield>
  <datafield tag="260" ind1=" " ind2=" ">
    <subfield code="a">&#x9B8;&#x9BF;&#x9B2;&#x9C7;&#x99F;:</subfield>
    <subfield code="b">&#x9AE;&#x9C1;&#x9B0;&#x9BE;&#x9B0;&#x9BF;&#x99A;&#x9BE;&#x981;&#x9A6; &#x995;&#x9B2;&#x9C7;&#x99C;,</subfield>
    <subfield code="c">&#x9E8;&#x9E6;&#x9E7;&#x9EF;-</subfield>
  </datafield>
  <datafield tag="300" ind1="0" ind2=" ">
    <subfield code="a">&#x996;&#x9A3;&#x9CD;&#x9A1; ;</subfield>
    <subfield code="c">&#x9E8;&#x9EA; &#x9B8;&#x9C7;&#x9AE;&#x9BF;.</subfield>
  </datafield>
  <datafield tag="500" ind1=" " ind2=" ">
    <subfield code="a">"&#x9B0;&#x9AC;&#x9C0;&#x9A8;&#x9CD;&#x9A6;&#x9CD;&#x9B0;&#x9A8;&#x9BE;&#x9A5; &#x993; &#x9A6;&#x995;&#x9CD;&#x9B7;&#x9BF;&#x9A3; &#x98F;&#x9B6;&#x9BF;&#x9AF;&#x9BC;&#x9BE; &#x9B8;&#x982;&#x996;&#x9CD;&#x9AF;&#x9BE;"</subfield>
  </datafield>
  <datafield tag="600" ind1=" " ind2=" ">
    <subfield code="a">Tagore, Rabindranath,</subfield>
    <subfield code="d">1861-1941</subfield>
    <subfield code="9">241405</subfield>
    <subfield code="x">Hisrory and Criticism</subfield>
  </datafield>
  <datafield tag="600" ind1=" " ind2=" ">
    <subfield code="a">&#x9A0;&#x9BE;&#x995;&#x9C1;&#x9B0;, &#x9B0;&#x9AC;&#x9C0;&#x9A8;&#x9CD;&#x9A6;&#x9CD;&#x9B0;&#x9A8;&#x9BE;&#x9A5;</subfield>
    <subfield code="d">&#x9E7;&#x9EE;&#x9EC;&#x9E7;-&#x9E7;&#x9EF;&#x9E7;</subfield>
    <subfield code="x">&#x987;&#x9A4;&#x9BF;&#x987;&#x9BE;&#x9B8; &#x993; &#x9B8;&#x9AE;&#x9BE;&#x9B2;&#x9CB;&#x99A;&#x9A8;&#x9BE;</subfield>
    <subfield code="9">241626</subfield>
  </datafield>
  <datafield tag="650" ind1=" " ind2=" ">
    <subfield code="a">Bengali literature</subfield>
    <subfield code="x">Periodicals.</subfield>
    <subfield code="9">241406</subfield>
  </datafield>
  <datafield tag="650" ind1=" " ind2=" ">
    <subfield code="a">&#x9AC;&#x9BE;&#x982;&#x9B2;&#x9BE; &#x9B8;&#x9BE;&#x9B9;&#x9BF;&#x9A4;&#x9CD;&#x9AF;</subfield>
    <subfield code="x">&#x9B8;&#x9BE;&#x9AE;&#x9AF;&#x9BC;&#x9BF;&#x995;&#x9C0;</subfield>
    <subfield code="9">241627</subfield>
  </datafield>
  <datafield tag="710" ind1=" " ind2=" ">
    <subfield code="a">&#x9AE;&#x9C1;&#x9B0;&#x9BE;&#x9B0;&#x9BF;&#x99A;&#x9BE;&#x981;&#x9A6; &#x995;&#x9B2;&#x9C7;&#x99C; &#x99C;&#x9BE;&#x9B0;&#x9CD;&#x9A8;&#x9BE;&#x9B2;, &#x9B8;&#x9BF;&#x9B2;&#x9C7;&#x99F;</subfield>
    <subfield code="9">241407</subfield>
  </datafield>
  <datafield tag="942" ind1=" " ind2=" ">
    <subfield code="2">ddc</subfield>
    <subfield code="c">CR</subfield>
  </datafield>
  <datafield tag="999" ind1=" " ind2=" ">
    <subfield code="c">77439</subfield>
    <subfield code="d">77439</subfield>
  </datafield>
  <datafield tag="952" ind1=" " ind2=" ">
    <subfield code="0">0</subfield>
    <subfield code="1">0</subfield>
    <subfield code="2">ddc</subfield>
    <subfield code="4">0</subfield>
    <subfield code="7">1</subfield>
    <subfield code="8">SR</subfield>
    <subfield code="a">RUCL</subfield>
    <subfield code="b">RUCL</subfield>
    <subfield code="c">Serial</subfield>
    <subfield code="d">2020-09-14</subfield>
    <subfield code="h">&#x9AA;&#x9CD;&#x9B0;&#x9A5;&#x9AE; &#x9AC;&#x9B0;&#x9CD;&#x9B7;, &#x9AA;&#x9CD;&#x9B0;&#x9A5;&#x9AE; &#x9B8;&#x982;&#x996;&#x9CD;&#x9AF;&#x9BE;, (&#x9A1;&#x9BF;&#x9B8;&#x9C7;&#x9AE;&#x9CD;&#x9AC;&#x9B0; &#x9E8;&#x9E6;&#x9E7;&#x9EF;)-</subfield>
    <subfield code="l">0</subfield>
    <subfield code="o">BP 891.4405 MUR V-1,No.1 2019</subfield>
    <subfield code="r">2020-09-14 00:00:00</subfield>
    <subfield code="t">C-1</subfield>
    <subfield code="w">2020-09-14</subfield>
    <subfield code="y">CR</subfield>
  </datafield>
</record>
